Countries of the World by the Largest Bordering Country in 90 Seconds - Statistics

General Stats
  • This quiz has been taken 1,556 times
    677 since last reset
  • The average score is 94 of 156
Answers on the Map
Answers color-coded by a green-red scale on the quiz's map according to % correct below.
 
Answer Stats
Country % Correct
Canada | Mexico United States
96%
Azerbaijan | Belarus | China | +11 others Russia
95%
Argentina | Bolivia | Colombia | +7 others Brazil
94%
Afghanistan | Bhutan | India | +8 others China
90%
United States Canada
88%
Angola | Burundi | Central African Republic | +6 others Democratic Republic of the Congo
83%
Libya | Mali | Mauritania | +3 others Algeria
81%
Iraq | Jordan | Kuwait | +4 others Saudi Arabia
77%
Brazil | Chile Argentina
73%
Botswana | Lesotho | Mozambique | +2 others South Africa
71%
Armenia | Turkey Iran
70%
Chad | Egypt | Eritrea | Ethiopia Sudan
69%
Austria | Czech Republic | Denmark | Netherlands Germany
68%
Andorra | Belgium | Germany | +5 others France
67%
Ireland United Kingdom
62%
Portugal Spain
60%
Ecuador Peru
59%
Bangladesh India
55%
East Timor | Malaysia | Papua New Guinea Indonesia
52%
Algeria | Sudan Libya
51%
Haiti Dominican Republic
50%
Democratic Republic of the Congo | Namibia Angola
49%
Cameroon | Nigeria Chad
49%
United Kingdom Ireland
45%
Benin | Burkina Faso Niger
44%
Israel Egypt
41%
Bulgaria | Greece | Syria Turkey
40%
Belize | Guatemala Mexico
39%
South Africa Namibia
39%
Djibouti | Kenya | Somalia Ethiopia
38%
San Marino | Slovenia | Vatican City Italy
38%
Sweden Norway
38%
Serbia Romania
36%
Turkmenistan | Uzbekistan Kazakhstan
34%
Iran Pakistan
33%
Saudi Arabia Yemen
32%
El Salvador | Nicaragua Honduras
30%
Brunei Malaysia
30%
Cambodia Thailand
30%
Dominican Republic Haiti
29%
Cote d'Ivoire | Guinea | Senegal Mali
29%
Costa Rica | Honduras Nicaragua
29%
Hungary | Moldova | Romania | Slovakia Ukraine
28%
Indonesia Papua New Guinea
26%
South Korea North Korea
25%
Panama Colombia
22%
Bosnia and Herzegovina | Kosovo | Montenegro Serbia
21%
Thailand Myanmar
20%
Albania | Macedonia Greece
19%
Malawi Tanzania
14%
Croatia Hungary
13%
Ghana | Liberia Côte d'Ivoire
12%
Guinea-Bissau | Sierra Leone Guinea
11%
Lebanon Syria
11%
Togo Burkina Faso
9%
Equatorial Guinea | Gabon Cameroon
9%
Liechtenstein Austria
8%
Gambia Senegal
8%
No matching quizzes found
Score Distribution
Percent of People with Each Score
Percentile by Number Answered
Your Score History
You have not taken this quiz since the last reset